Samr̥ddhira pathe Pūrbba Pākistāna. (Record no. 64383)

MARC details
000 -LEADER
fixed length control field 00599cam a22002171 4500
001 - CONTROL NUMBER
control field sa 65005530
003 - CONTROL NUMBER IDENTIFIER
control field DLC
005 - DATE AND TIME OF LATEST TRANSACTION
control field 20260227112138.0
008 - FIXED-LENGTH DATA ELEMENTS--GENERAL INFORMATION
fixed length control field 950301s1964 bg ac 000 0 beno
010 ## - LIBRARY OF CONGRESS CONTROL NUMBER
LC control number sa 65005530
025 ## - OVERSEAS ACQUISITION NUMBER
Overseas acquisition number PL480:EP-B-804
035 ## - SYSTEM CONTROL NUMBER
System control number (OCoLC)32071344
040 ## - CATALOGING SOURCE
Original cataloging agency DLC
Transcribing agency CU
Modifying agency CU
-- DLC
050 00 - LIBRARY OF CONGRESS CALL NUMBER
Classification number HC440.5.Z7
Item number E246
110 1# - MAIN ENTRY--CORPORATE NAME
Corporate name or jurisdiction name as entry element East Pakistan (Pakistan).
Subordinate unit Information Department.
245 10 - TITLE STATEMENT
Title Samr̥ddhira pathe Pūrbba Pākistāna.
260 ## - PUBLICATION, DISTRIBUTION, ETC.
Date of publication, distribution, etc. 1964.
300 ## - PHYSICAL DESCRIPTION
Extent 103 p.
Other physical details ill., ports.
Dimensions 25 cm.
500 ## - GENERAL NOTE
General note In Bengali.
651 #0 - SUBJECT ADDED ENTRY--GEOGRAPHIC NAME
Geographic name Bangladesh
General subdivision Economic policy.

No items available.

Powered by Koha